000 00330nam a2200133Ia 4500
008 190216s9999||||xx |||||||||||||| ||und||
100 _aMordkovich A G
245 0 _aAlgebra And Elements Of Mathematical Analysis
250 _a1st Ed.
260 _bMir Publishers
_c1989
300 _a463p
650 _aMathematics
942 _cBK
999 _c31036
_d31036